=LDR 00000nam 2200000 4500 =001 NUTBA000000000003055 =005 20140718100850.0 =006 =007 =008 =020 ##$$a 978-602-8489-73-7 =035 ##$$a 0010-071400000000243 =040 ##$$a NBPDMAT =082 ##$$a 372.7 =090 ##$$a 372.7 $b Ast b =100 ##$$a Astri Diwenny =245 ##$$a Belajar persamaan garis / $c oleh Astri Diwenny =260 ##$$a Jakarta : $b Mediatama Semesta, $c 2010 =300 ##$$a 60 hlm. : $b ilus. ; $c 24 cm. =650 ##$$a Matematika SD-persamaan garis =990 ##$$a 21404792 =990 ##$$a 21400613/BPAP-NTB/20142014 =990 ##$$a 21400613/BPAP-NTB/20142014 =990 ##$$a 21400613/BPAP-NTB/20142014 =990 ##$$a 21400613/BPAP-NTB/20142014 =990 ##$$a 21400613/BPAP-NTB/20142014